000 00400nam a2200169Ia 4500
008 230711s9999||||xx |||||||||||||| ||und||
020 _a978-81-265-2016-9
041 _aENG
082 _a530.14
_bKA-P
100 _aKaduskar,R.G
245 0 _aPrinciples of electromagnetics
250 _a1st Ed.
260 _c2010
_aNew Delhi
_bWiley & Sons
300 _a293p.
650 _aPhysics
942 _cBK
999 _c5978
_d5978